[Event "Nizhnij Novgorod Region-ch"]
[Site "Nizhnij Novgorod"]
[Date "2007.10.??"]
[Round "?"]
[White "Pirogov, Alexander V"]
[Black "Maneluk, Nikita"]
[Result "1/2-1/2"]
[WhiteElo "2195"]
[BlackElo "1993"]
[PlyCount "86"]
[EventDate "2007.10.??"]
[EventType "swiss"]
[EventRounds "9"]
[EventCountry "RUS"]
[SourceTitle "EXT 2009"]
[Source "ChessBase"]
[SourceDate "2008.11.26"]
[SourceVersion "1"]
[SourceVersionDate "2008.11.26"]
[SourceQuality "1"]

1. d4 Nf6 2. Nf3 e6 3. c4 b6 4. Nc3 Bb4 5. Bd2 Bb7 6. a3 Bxc3 7. Bxc3 Ne4 8. Rc1 0-0 9. e3 f5 10. Be2 d6 11. 0-0 Nd7 12. b4 Rf6 13. d5 e5 14. Nd2 Rh6 15. Nxe4 Qh4 16. h3 fxe4 17. Bg4 Nf6 18. Be6+ Kh8 19. f4 exf3 20. Qxf3 Re8 21. Be1 Qg5 22. h4 Qg6 23. Bf5 Qf7 24. g4 Bc8 25. e4 Bxf5 26. exf5 Ng8 27. Bd2 Rxh4 28. Qg3 Rh6 29. Bxh6 gxh6 30. Rc2 Nf6 31. Rg2 Rg8 32. Qh4 Qg7 33. Rf3 e4 34. Rh3 Nxg4 35. f6 Qxf6 36. Qxf6+ Nxf6 37. Rxh6 Rxg2+ 38. Kxg2 Kg7 39. Rh1 Kg6 40. Kf2 Kf5 41. Ke3 b5 42. Kd4 bxc4 43. Rf1+ Kg5 1/2-1/2

[Event "Nizhnij Novgorod Region-ch"]
[Site "Nizhnij Novgorod"]
[Date "2007.10.??"]
[Round "?"]
[White "Yatzenko, Anton"]
[Black "Pirogov, Alexander V"]
[Result "1/2-1/2"]
[WhiteElo "2260"]
[BlackElo "2195"]
[PlyCount "79"]
[EventDate "2007.10.??"]
[EventType "swiss"]
[EventRounds "9"]
[EventCountry "RUS"]
[SourceTitle "EXT 2009"]
[Source "ChessBase"]
[SourceDate "2008.11.26"]
[SourceVersion "1"]
[SourceVersionDate "2008.11.26"]
[SourceQuality "1"]

1. d4 Nf6 2. c4 g6 3. g3 Bg7 4. Bg2 0-0 5. Nc3 d6 6. Nf3 Nc6 7. 0-0 e5 8. d5 Ne7 9. e4 b6 10. Bd2 Ne8 11. b4 h6 12. a4 f5 13. exf5 Bxf5 14. Re1 Qd7 15. Nh4 Bg4 16. f3 Bh3 17. g4 Bxg2 18. Nxg2 Nf6 19. Ne4 Rf7 20. g5 Nxe4 21. fxe4 hxg5 22. Bxg5 Raf8 23. a5 Bf6 24. Bxf6 Rxf6 25. axb6 axb6 26. Qd3 Kg7 27. Ra7 R8f7 28. c5 bxc5 29. bxc5 dxc5 30. Qc3 Qd6 31. Ne3 Rf3 32. Qa1 c4 33. Kh1 Nc8 34. Ra6 Nb6 35. Nxc4 Nxc4 36. Rxd6 cxd6 37. Qa6 Ne3 38. h3 Rxh3+ 39. Kg1 Rff3 40. Rxe3 1/2-1/2